000 00347nam a2200133 a 4500
005 20140412111245.0
008 091205s19uu xx 00 eng d
020 _a0-439-26712-9
050 _aER
_bAn627 2002
245 _aThe Ants go Marching.
260 _aNew York :
_bScholastic,
_c2002.
440 _aSing and Read Storybook
999 _c102918
_d102918